NFL: Top 25 Active Players: All-Purpose Yards - Statistics

General Stats
  • This quiz has been taken 47 times
    13 since last reset
  • The average score is 14 of 25
Answer Stats
# Player Yards % Correct
1 Derrick Henry 14,813
100%
5 Christian McCaffrey 13,202
75%
23 Cooper Kupp 8,595
75%
4 DeAndre Hopkins 13,316
75%
2 Tyreek Hill 13,681
75%
8 Alvin Kamara 12,862
63%
18 Jonathan Taylor 9,067
63%
24 Justin Jefferson 8,518
63%
6 Mike Evans 13,059
63%
25 Nick Chubb 8,458
63%
12 Saquon Barkley 11,007
63%
7 Travis Kelce 13,018
63%
17 Austin Ekeler 9,731
50%
9 Davante Adams 12,632
50%
20 D.J. Moore 8,939
50%
15 Joe Mixon 9,876
50%
10 Keenan Allen 12,458
50%
3 Tyler Lockett 13,416
50%
22 Zach Ertz 8,622
50%
13 Aaron Jones 10,327
38%
11 Stefon Diggs 11,741
38%
14 Brandin Cooks 10,213
25%
16 Josh Jacobs 9,875
25%
19 Tony Pollard 9,045
25%
21 Adam Thielen 8,735
13%
No matching quizzes found
Score Distribution
Percent of People with Each Score
Percentile by Number Answered
Your Score History
You have not taken this quiz since the last reset